Statistics for Red Hot Chili Peppers- Under The Bridge Lyrics Quiz

Click here to take the quiz!

General Stats

  • This quiz has been taken 122 times
  • The average score is 229 of 274

Answer Stats

Answer% Correct
A
100%
a
100%
I
99%
i
99%
the
99%
The
99%
City
97%
city
97%
don't
97%
Don't
97%
Feel
97%
feel
97%
In
97%
like
97%
Like
97%
Angels
95%
Live
95%
of
95%
to
94%
have
93%
Have
93%
is
93%
Is
93%
love
93%
me
93%
My
93%
my
93%
on
93%
some
93%
Sometimes
93%
Partner
91%
that
91%
am
90%
Am
90%
Friend
90%
lie
90%
Only
90%
together
90%
Together
90%
who
90%
as
89%
As
89%
day
89%
lonely
89%
Lonely
89%
We
89%
we
89%
place
87%
take
87%
wanna
87%
all
86%
did
86%
ever
86%
no
86%
she
86%
cry
85%
Cry
85%
streets
83%
way
83%
'cause
82%
walk
82%
companion
80%
she's
80%
yeah
79%
and
77%
bridge
77%
knows
77%
never
77%
where
77%
her
76%
under
76%
oh
75%
blood
71%
drive
71%
kisses
71%
hills
69%
through
69%
away
68%
good
68%
worry
68%
drew
67%
get
67%
now
67%
sees
67%
downtown
66%
loves
64%
could
62%
life
61%
not
61%
deeds
60%
alone
59%
i'm
59%
It's
59%
enough
57%
time
56%
windy
56%
hard
55%
out
55%
nobody
54%
there
54%
at
53%
believe
53%
gave
53%
there's
51%
least
49%
Well
48%
about
47%
say
46%
said
44%
forgot
43%
one
43%
But
37%
but
37%
stay
29%
here
13%

Score Distribution

Percentile by Number Answered

Percent of People with Each Score

Your Score History

You have not taken this quiz